000
00316nam a22001217a 4500
999
_c
9607
_d
9607
003
OSt
008
201210b ||||| |||| 00| 0 eng d
245
_a
Seminar
250
_a
2006(Dec) 2008(Jan) 2007(Jan, Feb, Mar)
260
_a
New Delhi
_b
AFL Pvt. Ltd. (Malvika Singh)
650
_a
Applied Science
942
_2
ddc
_c
BV